Legal Theory (Record no. 671519)

MARC details
000 -LEADER
fixed length control field 00331nam a2200133Ia 4500
008 - FIXED-LENGTH DATA ELEMENTS--GENERAL INFORMATION
fixed length control field 230717s9999 xx 000 0 und d
020 ## - INTERNATIONAL STANDARD BOOK NUMBER
International Standard Book Number 81-7534-144-7
041 ## - LANGUAGE CODE
Language code of text/sound track or separate title eng
082 ## - DEWEY DECIMAL CLASSIFICATION NUMBER
Classification number 340.1
Item number FRI
100 ## - MAIN ENTRY--PERSONAL NAME
Personal name Friedmann W
245 ## - TITLE STATEMENT
Title Legal Theory
250 ## - EDITION STATEMENT
Edition statement 5ed.
260 ## - PUBLICATION, DISTRIBUTION, ETC.
Place of publication, distribution, etc. Delhi
Name of publisher, distributor, etc. Universal Law Publishing Co.Pvt.Ltd.
Date of publication, distribution, etc. 1967
Holdings
Withdrawn status Lost status Damaged status Not for loan Collection Home library Current library Date acquired Cost, normal purchase price Total Checkouts Full call number Barcode Date last seen Price effective from Koha item type Shelving location
Withdrawn       NLP LL.B New Law College, Pune New Law College, Pune 31/03/2000 395.00   340.1 FRI NLP-N05037 17/07/2023 17/07/2023 Book  
        NLP LL.B New Law College, Pune New Law College, Pune 31/03/2004 395.00   340.1 FRI NLP-N07704 17/07/2023 17/07/2023 Book NLP-Rack No-63
        NLP Social Welfare New Law College, Pune New Law College, Pune 30/03/2000 395.00   340.1 FRI NLP-NS0215 17/07/2023 17/07/2023 Book NLP-Rack No-134